Keeping an eye on house prices (Record no. 74296)
[ view plain ]
| 000 -LEADER | |
|---|---|
| fixed length control field | 01064cab a2200265 4500 |
| 001 - CONTROL NUMBER | |
| control field | ABS67626 |
| 008 - FIXED-LENGTH DATA ELEMENTS--GENERAL INFORMATION | |
| fixed length control field | 040324n2004 000 0 eng u |
| 035 ## - SYSTEM CONTROL NUMBER | |
| System control number | (Sirsi) u125558 |
| 100 ## - MAIN ENTRY--PERSONAL NAME | |
| Personal name | Temple, P. |
| 245 ## - TITLE STATEMENT | |
| Title | Keeping an eye on house prices |
| 260 ## - PUBLICATION, DISTRIBUTION, ETC. | |
| Date of publication, distribution, etc. | 2004 |
| 490 ## - SERIES STATEMENT | |
| Series statement | Investors Chronicle |
| Volume/sequential designation | 147(1874) 98-99(2) |
| 520 ## - SUMMARY, ETC. | |
| Summary, etc. | Focuses on the ever-increasing range of house price indices and their value to the home owner. Explains what house price indices are, why the results vary and comments on how the principal indices are compiled and adjusted. Recommends particular indices for specific purposes. |
| 590 ## - LOCAL NOTE (RLIN) | |
| Local note | ABS |
| 650 ## - SUBJECT ADDED ENTRY--TOPICAL TERM | |
| Topical term or geographic name entry element | HOME OWNERS |
| 650 ## - SUBJECT ADDED ENTRY--TOPICAL TERM | |
| Topical term or geographic name entry element | HOMETRACK.CO.UK HOUSE PRICE INDEX |
| 650 ## - SUBJECT ADDED ENTRY--TOPICAL TERM | |
| Topical term or geographic name entry element | HALIFAX HOUSE PRICE INDEX |
| 650 ## - SUBJECT ADDED ENTRY--TOPICAL TERM | |
| Topical term or geographic name entry element | NATIONWIDE HOUSE PRICE INDEX |
| 650 ## - SUBJECT ADDED ENTRY--TOPICAL TERM | |
| Topical term or geographic name entry element | ODPM HOUSE PRICE INDEX |
| 650 ## - SUBJECT ADDED ENTRY--TOPICAL TERM | |
| Topical term or geographic name entry element | RIGHTMOVE HOUSE PRICE INDEX |
| 650 ## - SUBJECT ADDED ENTRY--TOPICAL TERM | |
| Topical term or geographic name entry element | FINANCIAL TIMES/ACADAMETRICS HOUSE PRICE INDEX |
| 650 ## - SUBJECT ADDED ENTRY--TOPICAL TERM | |
| Topical term or geographic name entry element | HOUSE PRICE INDICES |
| 690 ## - LOCAL SUBJECT ADDED ENTRY--TOPICAL TERM (OCLC, RLIN) | |
| Topical term or geographic name as entry element | PROPERTY-RESIDENTIAL PROPERTY-RESIDENTIAL PROPERTY MARKET |
| 942 ## - ADDED ENTRY ELEMENTS (KOHA) | |
| Suppress in OPAC | 0 |
| Withdrawn status | Lost status | Source of classification or shelving scheme | Damaged status | Not for loan | Home library | Current library | Shelving location | Date acquired | Total Checkouts | Full call number | Barcode | Date last seen | Copy number | Price effective from | Koha item type |
|---|---|---|---|---|---|---|---|---|---|---|---|---|---|---|---|
| Dewey Decimal Classification | London | London | Journal article | 24/03/2004 | ABS67626 | 125558-1001 | 06/08/2019 | 1 | 06/08/2019 | Journal article |